Lyrics to 'Nunca Al Revés' by Morat - Statistics

General Stats
  • This quiz has been taken 44 times
  • The average score is 287 of 296
Answer Stats
Answer % Correct
a
100%
ahora
100%
al
100%
arde
100%
cambiarme
100%
cobardes?
100%
Como
100%
¿Cómo
100%
corazones
100%
de
100%
decirlo
100%
derecho
100%
desaparecer
100%
día
100%
dos
100%
en
100%
ese
100%
fácil
100%
fallar
100%
fue
100%
heridas
100%
la
100%
La
100%
las
100%
llamar
100%
llames
100%
llega
100%
llegaste
100%
los
100%
me
100%
nada
100%
No
100%
no
100%
nuevo
100%
nunca
100%
obligues
100%
olvidarte
100%
olvidé
100%
perdiste
100%
Pero
100%
pies
100%
planes?
100%
podía
100%
por
100%
¿Por
100%
Que
100%
qué
100%
que
100%
quiero
100%
revés
100%
sabes
100%
sanen?
100%
se
100%
segunda
100%
si
100%
Si
100%
siempre
100%
Siempre
100%
Solo
100%
suponer
100%
tanto
100%
te
100%
Tu
100%
tu
100%
100%
100%
tus
100%
un
100%
una
100%
verdad
100%
vez
100%
vida
100%
volver
100%
vuelves
100%
y
100%
yo
100%
abrazos
83%
acostumbrarme
83%
alejarme
83%
alma
83%
arriesgar
83%
Aunque
83%
busqué
83%
carta
83%
Cuando
83%
Cuatro
83%
darle
83%
desarma
83%
el
83%
empeñaba
83%
entiendo
83%
esas
83%
fantasma
83%
feliz
83%
fin
83%
fotos
83%
Fueron
83%
fuiste
83%
loco
83%
meses
83%
noches
83%
par
83%
pedazos
83%
pensar
83%
Pude
83%
quien
83%
recuerdo
83%
revolverme
83%
tantas
83%
tarde
83%
terremoto
83%
ti
83%
todo
83%
volvería
83%
voz
83%
costara
67%
era
67%
Ya
67%
No matching quizzes found
Score Distribution
Percent of People with Each Score
Percentile by Number Answered
Your Score History
You have not taken this quiz